000 01083nam a22003131 4500
001 141111
003 ES-MaACL
005 20250804062604.0
007 t|
008 070919s1974 sp ||||0| spa d
016 7 _zIND2000945800
040 _aM-BN
_bspa
_cCDM
080 _a335(091)
080 _a930.1
100 1 _aWilson, Edmund.
_9117023
245 1 0 _aHacia la estación de Finlandia
_b: ensayo sobre la forma de escribir y hacer historia /
_cEdmund Wilson ; [traducción, R. Tomero, M. F. Zalán y J. P. Gortázar].
260 _aMadrid :
_bAlianza Editorial,
_c1974.
300 _aXII, 572 p. ;
_c18 cm.
490 1 _ael libro de bolsillo. Sección humanidades ;
_v425
650 4 _aHistoria-
_xFilosofía.
_913380
650 1 4 _aComunismo-
_vHistoria
_911222
650 4 _aSocialismo-
_xHistoria.
_9135485
700 1 _aTomero, R.
_9110552
700 1 _aZalan, M. F.
_9117867
700 1 _aCortázar, J. P.
_940821
830 0 3 _aEl libro de bolsillo.
_pHumanidades
_v425
_9178672
852 _aES-MaACL
_jE-6750
_bR.90180
999 _c141111
_d141111